| 000 | 01193nam a22001817a 4500 | ||
|---|---|---|---|
| 999 |
_c61550 _d61550 |
||
| 005 | 20240322155409.0 | ||
| 008 | 240322c1999 ge ||||| |||| 00| 0 geo d | ||
| 022 | _a1512-0317 | ||
| 041 | _ageo | ||
| 245 |
_aმცხეთა : I : _bნარეკვავი / _cრედაქტორი: ანდრია აფაქიძე; საქართველოს მეცნიერებათა აკადემია; მცხეთის არქეოლოგიის ინსტიტუტი; საქართველოს მილსადენის კომპანია. |
||
| 260 |
_aთბილისი, _c1999. |
||
| 300 | _aV. | ||
| 653 | _aარქეოლოგიური ძეგლები | ||
| 653 | _aმცხეთა | ||
| 700 |
_aაფაქიძე, ანდრია _eრედაქტორი _95454 |
||
| 710 |
_a საქართველოს მეცნიერებათა აკადემია; _dმცხეთის არქეოლოგიის ინსტიტუტი; საქართველოს მილსადენის კომპანია. _921555 |
||
| 942 |
_2udc _cCR |
||